[Event "XIII Miedzynarodowe Mistrzostwa Gdanska"]
[Site "Gdansk"]
[Date "2011.??.??"]
[Round "8.28"]
[White "Kropidlowski, Maciej"]
[Black "Belczewski, Jacek"]
[Result "1/2-1/2"]
[WhiteElo "1724"]
[BlackElo "1355"]
[PlyCount "111"]
[EventDate "2011.??.??"]

1. e4 e6 2. d4 d5 3. exd5 exd5 4. Bd3 Bd6 5. Ne2 Qh4 6. Nd2 Bg4 7. Nb3 Nc6 8.
Be3 Nge7 9. Qd2 f6 10. O-O-O O-O-O 11. f3 Bd7 12. Nf4 Bxf4 13. Bxf4 Qh5 14. c3
Qf7 15. Nc5 Bf5 16. Rhe1 Rde8 17. g4 Bd7 18. Bg3 g5 19. Nxd7 Kxd7 20. f4 h6 21.
h3 Kc8 22. fxg5 hxg5 23. Qh2 Ng6 24. Bf5+ Kd8 25. Bxc7+ Qxc7 26. Rxe8+ Rxe8 27.
Qxc7+ Kxc7 28. Bxg6 Rh8 29. Rh1 Nd8 30. Bf5 Kd6 31. Kd2 Ne6 32. Bxe6 Kxe6 33.
Re1+ Kf7 34. Re3 b5 35. b3 a5 36. Kd3 Rc8 37. a3 Rc7 38. h4 gxh4 39. Rh3 Kg6
40. Rxh4 Kg5 41. Rh5+ Kxg4 42. Rxd5 Rb7 43. Rd6 f5 44. Rg6+ Kf3 45. Ra6 f4 46.
Rxa5 Kf2 47. a4 bxa4 48. bxa4 f3 49. Ra8 Rf7 50. Kd2 Kf1 51. a5 f2 52. Rg8 Re7
53. a6 Re2+ 54. Kd1 Re1+ 55. Kd2 Re2+ 56. Kd1 1/2-1/2